Spotrebiteľské správanie nákup organizácií

Enregistré dans:
Détails bibliographiques
Auteur principal: Richterová, Kornélia
Collectivité auteur: Ekonomická univerzita v Bratislave. Obchodná fakulta
Format: Livre
Langue:slovaque
Publié: Bratislava Vydavateľstvo EKONÓM 1999
Sujets:
Tags: Ajouter un tag
Pas de tags, Soyez le premier à ajouter un tag!

MARC

LEADER 00000nam a2200000 4500
001 c106518
005 20221123133455.9
020 |a 80-225-1050-5 
041 0 |a slo 
044 |a SK 
245 1 0 |a Spotrebiteľské správanie  |b nákup organizácií  |c Kornélia Richterová 
264 1 |a Bratislava  |b Vydavateľstvo EKONÓM  |c 1999 
300 |a 146 s. 
610 2 0 |a správanie spotrebiteľa 
610 2 0 |a nákup 
610 2 0 |a organizácie 
610 2 0 |a marketing 
610 2 0 |a modely 
610 2 0 |a modely rozhodovania 
610 2 0 |a prostredie ekonomické 
610 2 0 |a rozhodovanie 
610 2 0 |a trh 
610 2 0 |a výroba 
610 2 0 |a stratégia marketingová 
610 2 0 |a stratégia obchodná 
610 2 0 |a kúpa 
610 2 0 |a sprostredkovatelia 
610 2 0 |a vzťahy obchodné 
610 2 0 |a káva 
610 2 0 |a prieskum trhu 
610 2 0 |a segmentácia trhu 
100 1 |a Richterová, Kornélia 
710 2 |a Ekonomická univerzita v Bratislave. Obchodná fakulta